| 000 | 01212nam2a2200289 4500 | ||
|---|---|---|---|
| 001 | RU\NLR\bibl\1733374 | ||
| 005 | 20250616080432.0 | ||
| 010 |
_a978-5-91028-068-1(т. 1) _9700 |
||
| 021 |
_aRU _b2011-437 _932 |
||
| 035 | _a(NLR Aleph) 001724319 | ||
| 090 |
_a1359587 _c1359587 |
||
| 100 | _a20110208d2011 |||y0rusy50 ca | ||
| 101 | 0 | _arus | |
| 102 | _aRU | ||
| 105 | _ay ||||||||| | ||
| 200 | 0 | _a2003-2004 гг. | |
| 210 |
_d2011 _aБ. м. |
||
| 215 | _a382, [1] с. | ||
| 320 | _aБиблиогр. в подстроч. примеч. | ||
| 320 | _aПредм. указ. к дисциплинар. производствам, рассмотр. в 2003-2004 гг. | ||
| 461 | 0 |
_1001RU\NLR\bibl\1785485 _12001#$aДисциплинарная практика адвокатской палаты г. Москвы$v2003-2004 гг. _91668825 _cМосква _d2011 _fАдвокат. палата г. Москвы _nНовая юстиция _tДисциплинарная практика адвокатской палаты г. Москвы _y978-5-91028-067-4 _v2003-2004 гг. |
|
| 801 | 0 |
_aRU _bNLR _c20110208 _gRCR |
|
| 801 | 1 |
_aRU _bNLR _c20110208 |
|
| 942 | _cBOOK | ||
| 980 | _aNB | ||
| 980 | _aNBR | ||